000 00678cam a22002411 4500
001 ne 67001009
003 DLC
005 20260227111832.0
008 900612s1966 ua b 000 0 arar
010 _ane 67001009
025 _aPL480:UAR-7983
035 _a(OCoLC)21794897
040 _aDLC
_cWaU
_dDLC
042 _apremarc
043 _ama-----
050 0 0 _aLA1101
_b.A6
100 1 _aAḥmad, Saʻd Mursī.
245 1 0 _aTaṭawwur al-fikr al-tarbawī
_c[taʼlīf] Saʼd Mursī Aḥmad.
260 _aal-Qāhirah,
_bʻĀlam al-Kutub
_c[1966]
300 _a614 p.
_c24 cm.
504 _aBibliography: p. [603]-614.
650 0 _aEducation
_zArab countries
_xHistory.
999 _c49624
_d49624